| 000 | 00661cam a2200193 a 4500 | ||
|---|---|---|---|
| 020 | _a1402226969 (pbk.) | ||
| 020 | _a9781402226960 (pbk.) | ||
| 082 | 0 | 0 | _a650.1 |
| 100 | 1 |
_aThomas, Beth, _951779 |
|
| 245 | 1 | 0 |
_aPowered by happy : _bhow to get and stay happy at work (boost performance, increase success, and transform your workday) / _cBeth Thomas. |
| 260 |
_aNaperville, Ill. : _bSourcebooks, _cc2010. |
||
| 300 |
_axxi, 230 p. ; _c18 cm. |
||
| 526 |
_a0 _b0 _c0 _d650_100000000000000 |
||
| 650 | 0 |
_aEmployee motivation. _94008 |
|
| 650 | 0 |
_aHappiness. _932495 |
|
| 650 | 0 |
_aJob satisfaction. _910346 |
|
| 650 | 0 |
_aWork and family. _951780 |
|
| 942 |
_2ddc _cBK |
||
| 999 |
_c554327 _d554327 |
||